000 00328nam a22001337a 4500
008 250801b |||||||| |||| 00| 0 eng d
020 _a0300050585
050 _aHE2180
_b.P54
100 _aPIERCE L. James
245 _aThe Future of Banking
260 _aNew York
_bVail-Ballou Press
_c1991
300 _avii, 163p.
942 _cBK
999 _c4420
_d4420